Correspondance complète de Mme du Deffand avec la duchesse de Choiseui, l'abbé Barthélemy et M. Craufurt / (Record no. 48444)
[ view plain ]
| 000 -LEADER | |
|---|---|
| campo de control de longitud fija | 00742nam a22001935i 4500 |
| 001 - NÚMERO DE CONTROL | |
| campo de control | 48444 |
| 003 - IDENTIFICADOR DE NÚMERO DE CONTROL | |
| campo de control | ES-MaACL |
| 005 - FECHA Y HORA DE LA ÚLTIMA TRANSACCIÓN | |
| campo de control | 20250728180516.0 |
| 007 - CAMPO FIJO DE DESCRIPCIÓN FÍSICA--INFORMACIÓN GENERAL | |
| campo de control de longitud fija | t| |
| 008 - DATOS DE LONGITUD FIJA--INFORMACIÓN GENERAL | |
| campo de control de longitud fija | 950719s1866 fr ||||1| fre d |
| 040 ## - FUENTE DE CATALOGACIÓN | |
| Centro catalogador/agencia de origen | CAM |
| Lengua de catalogación | spa |
| Centro/agencia transcriptor | CAM |
| 100 1# - ENTRADA PRINCIPAL--NOMBRE DE PERSONA | |
| Nombre de persona | Du Deffand, Marie de Vichy-Chamrond |
| Títulos y otros términos asociados al nombre | Marquise. |
| 9 (RLIN) | 45705 |
| 245 10 - MENCIÓN DEL TÍTULO | |
| Título | Correspondance complète de Mme du Deffand avec la duchesse de Choiseui, l'abbé Barthélemy et M. Craufurt / |
| Mención de responsabilidad, etc. | publiée avec une introduction par M. le Marquis de Sainte-Aulaire. |
| 260 ## - PUBLICACIÓN, DISTRIBUCIÓN, ETC. | |
| Lugar de publicación, distribución, etc. | Paris : |
| Nombre del editor, distribuidor, etc. | Michel Lévy fréres, |
| Fecha de publicación, distribución, etc. | 1866. |
| 300 ## - DESCRIPCIÓN FÍSICA | |
| Extensión | 3 v. ; |
| Dimensiones | 24 cm. |
| 700 1# - ENTRADA AGREGADA--NOMBRE PERSONAL | |
| Nombre de persona | Saint-Aulaire, Auguste-Felix-Charles de Beaupoil, |
| Títulos y otros términos asociados al nombre | comte de, |
| Fechas asociadas al nombre | 1866-1954 |
| 9 (RLIN) | 101514 |
| 852 ## - LOCALIZACIÓN | |
| Ubicación | ES-MaACL |
| Número de control de estantería | F-6997-9 |
| Estatus retirado | Estado de pérdida | Estado de daño | No para préstamo | Colección | Biblioteca de origen | Biblioteca actual | Ubicación en estantería | Fecha de adquisición | Fuente de adquisición | Total de préstamos | Signatura topográfica completa | Código de barras | Visto por última vez | Precio de reemplazo | Tipo de ítem Koha |
|---|---|---|---|---|---|---|---|---|---|---|---|---|---|---|---|
| Libros del s. XIX | Biblioteca del Ateneo de Madrid | Biblioteca del Ateneo de Madrid | Depósito 2 | 17/01/2008 | F-6997-9 | 1050982 | 23/02/2023 | 23/02/2023 | Libro impreso antiguo |
